Statistics for Bob Dylan Songs on the All Time Top 500 List

Click here to take the quiz!

General Stats

  • This quiz has been taken 1,400 times
  • The average score is 7 of 13

Answer Stats

Ranking Song % Correct
1Like a Rolling Stone
94%
14Blowin' in the Wind
88%
59The Times They are A-Changin'
69%
68Tangled Up in Blue
65%
107Mr. Tambourine Man
64%
192Knockin' On Heavens Door
47%
340Subterranean Homesick Blues
45%
232Just Like a Woman
44%
413Visions of Johanna
39%
187Desolation Row
37%
206Positively 4th Street
30%
373Highway 61 Revisited
29%
260Mississippi
10%

Score Distribution

Percentile by Number Answered

Percent of People with Each Score

Your Score History

You have not taken this quiz